000
00270nam a2200121Ia 4500
008
190216s9999||||xx |||||||||||||| ||und||
100
_a
Singh Khushwant
245
4
_a
The Collected Novels
260
_b
Penguin Books
300
_a
736
650
_a
English
942
_c
BK
999
_c
13945
_d
13945